000 01235cab a2200373 4500
001 ABS52510
008 090401t1995 xxu||||| |||| 00| 0 eng d
035 _a(Sirsi) u82664
041 _aeng
245 _aIndex to buying country property
260 _c1995
300 _aLOAN
350 _a0
490 _aCountry Life
_vsupplement March 1995 (34)
520 _aStatistical analysis of the market for country houses 1992 - 1994, tabulating sales by price, number of bedrooms, age of property, location, days taken to complete, number of houses advertised, and acreage of estate. Comments on the market for different types of property and on the impact of communications on values.
650 _aACCESS
650 _aCASTLES
650 _aCONTRY HOUSE MARKET
650 _aCOTTAGES
650 _aCOUNTRY HOUSES
650 _aEQUESTRIAN PROPERTIES
650 _aFARMS
650 _aGARDENS
650 _aGEORGIAN PROPERTY
650 _aGOLF COURSES
650 _aLANDED ESTATES
650 _aPRESTIGE
650 _aRECTORIES
650 _aSPORTING ESTATES
650 _aUNDERVALUED AREAS
690 _aPROPERTY-RESIDENTIAL PROPERTY-RESIDENTIAL PROPERTY MARKET
942 _n0
948 _c04/03/1997
999 _c52208
_d52208